[Event "ROM-chT Rapid"]
[Site "Sebes"]
[Date "2023.12.02"]
[Round "2.22"]
[White "Sandru, Nicolae"]
[Black "Zlate Ion, Matei"]
[Result "1-0"]
[WhiteElo "1635"]
[BlackElo "1601"]
[PlyCount "165"]
[EventDate "2023.12.02"]
[EventType "team-swiss (rapid)"]
[EventRounds "8"]
[EventCountry "ROU"]
[SourceTitle "CB49_2023"]
[SourceDate "2023.12.06"]
[SourceVersion "1"]
[SourceVersionDate "2023.12.06"]
[SourceQuality "1"]
[WhiteTeam "Alba Iulia Unirea II"]
[BlackTeam "Central de Sah Club"]
[WhiteTeamCountry "ROU"]
[BlackTeamCountry "ROU"]

1. d4 Nf6 2. Bf4 g6 3. e3 Bg7 4. h3 0-0 5. Be2 d5 6. c3 c5 7. Nd2 Nc6 8. Ngf3 cxd4 9. exd4 Bf5 10. 0-0 Re8 11. Re1 Qd7 12. Bf1 Rac8 13. Nb3 b6 14. Nc1 Na5 15. Ne5 Qb7 16. f3 Nd7 17. Ncd3 Nc4 18. Nxc4 dxc4 19. Ne5 Nxe5 20. Bxe5 Bxe5 21. Rxe5 Bd7 22. Qd2 e6 23. Qh6 f6 24. Re4 Bc6 25. Rh4 Qg7 26. Bxc4 Qxh6 27. Rxh6 Kg7 28. Rh4 g5 29. Rh5 Re7 30. f4 Be8 31. Be2 Bxh5 32. Bxh5 gxf4 33. Rf1 e5 34. d5 Rd8 35. c4 Kh6 36. Bg4 Kg5 37. Be6 e4 38. h4+ Kxh4 39. Rxf4+ Kg5 40. Rg4+ Kh5 41. Rxe4 Kh6 42. Kf2 Rc7 43. Rh4+ Kg5 44. Rg4+ Kh5 45. b4 a5 46. a3 axb4 47. axb4 Rd6 48. Rf4 Kg5 49. Kf3 h5 50. g4 h4 51. Rf5+ Kg6 52. Rf4 Kg5 53. Re4 Rh7 54. c5 bxc5 55. bxc5 h3 56. cxd6 h2 57. Re1 h1Q+ 58. Rxh1 Rxh1 59. d7 Rh8 60. Ke4 Kh6 61. Kd4 Ra8 62. Kc5 Kg7 63. Kc6 Kf8 64. d6 Ra6+ 65. Kc7 Ra7+ 66. Kb8 Ra1 67. d8Q+ Kg7 68. Qe7+ Kg6 69. Bf5+ Kg5 70. Qe3+ Kh4 71. d7 Ra8+ 72. Kc7 Rc8+ 73. Kd6 Rc6+ 74. Ke7 Rc3 75. Qxc3 Kg5 76. Qxf6+ Kf4 77. Be6+ Kg3 78. g5 Kh4 79. g6+ Kg3 80. g7 Kh2 81. g8R Kh1 82. Qf1+ Kh2 83. Qg2# 1-0